01065nam a2200229 a 450000100100000000500170001000800410002702000150006804000250008310000410010824501190014926000720026830000210034049000640036150400730042550400320049870000490053071000620057983000710064195201060071299900170081800003938220201002031625.0130625s1984 sp 001 0 spa d a8400058453 aDO-SdBNPbspacBNPHU1 aBádenas de la Peña, Pedro91535413aLa estructura del diálogo platónico /cPedro Bádenas de la Peña ; prólogo Francisco Rodríguez Adrados. aMadrid :bConsejo Superior de Investigación Científicas,c1984. a295 p. ;c24 cm.1 aInstituto Antonio de NebrijaaManuales y anejos Emeritav35 aIncluye referencias bibliográficas y notas al pie de las páginas aBibliografía : p. 291-2951 aRodríguez Adrados, Adradosepról.9655890 aConsejo Superior de Investigación Científicas,963831 0aInstituto Antonio de NebrijaaManuales y anejos Emeritav35965590 0010507-18MOaGRbGRcOId2013-06-25iLF1l0o p39382-10r2020-06-25w2020-06-25y1ZNo se presta c38872d38872